Normal view
MARC view
- COMPUTER PROGRAM LANGUAGE-C TURBO C-COMPUTER PROGRAM
Entry Topical Term
001 - CONTROL NUMBER
- control field: 57218
003 - CONTROL NUMBER IDENTIFIER
- control field: NUST
005 - DATE AND TIME OF LATEST TRANSACTION
- control field: 20210628201856.0
008 - FIXED-LENGTH DATA ELEMENTS
- fixed length control field: 210628|| aca||aabn | a|a d
040 ## - CATALOGING SOURCE
- Original cataloging agency: NUST
- Transcribing agency: NUST
150 ## - HEADING--TOPICAL TERM
- Topical term or geographic name entry element: COMPUTER PROGRAM LANGUAGE-C TURBO C-COMPUTER PROGRAM
670 ## - SOURCE DATA FOUND
- Source citation: Work cat.: (NUST): QUILICI, A.E ,MILLER, L.H 57217, THE OFFICIAL BORLAND TURBO C ,SURVIVAL GUIDE, 1988
